Wisconsin Cities With Passenger Airports - Statistics

General Stats
  • This quiz has been taken 264 times
  • The average score is 7 of 8
Answer Stats
Hint Answer % Correct
MKE Milwaukee
100%
GRB Green Bay
98%
MSN Madison
97%
EAU Eau Claire
95%
ATW Appleton
86%
LSE La Crosse
83%
RHI Rhinelander
77%
CWA Wausau
54%
No matching quizzes found
Score Distribution
Percent of People with Each Score
Percentile by Number Answered
Your Score History
You have not taken this quiz